Star-Spangled Banner Clicky-Oke Challenge Quiz Stats

 Plays Quiz Updated Nov 27, 2017

Also try: US Patriotic Words
Challenge
Share
Tweet
Embed
Score 0/30 Timer 00:30
1 Play Today
% Correct
???
99%
???
97.1%
???
96.9%
???
96.2%
???
96.1%
???
92.8%
???
91.5%
???
91.4%
???
88.1%
???
79.6%
???
78.6%
???
77.7%
???
75%
???
71.1%
???
70.1%
% Correct
???
66.5%
???
62.1%
???
56.3%
???
50.3%
???
47.4%
???
37.6%
???
31%
???
30.4%
???
27.8%
???
24.5%
???
21.7%
???
18.9%
???
14.7%
???
10.3%
???
8.6%

You're not logged in!

Compare scores with friends on all Sporcle quizzes.
OR
Log In

You Might Also Like...

Show Comments

Extras

Top Quizzes Today


Score Distribution

Your Account Isn't Verified!

In order to create a playlist on Sporcle, you need to verify the email address you used during registration. Go to your Sporcle Settings to finish the process.

Report this User

Report this user for behavior that violates our Community Guidelines.

Details: